000 00775cab a2200253 4500
001 WB3505-30
008 090401t1999 xxu||||| |||| 00| 0 eng d
035 _a(Sirsi) u91065
041 _aeng
245 _aHungarians qualify
260 _c1999
350 _a0
490 _aRICS Press Release
_v(pr158) 29 January 1999 (2)
520 _aThe first Hungarians to follow a university course accredited by the RICS have qualified as chartered surveyors.
650 _aAPC
_96216
650 _aABOUT RICS-RICS MEMBERS
650 _aEASTERN EUROPE
650 _aHUNGARIAN ASSOCIATION OF CHARTERED SURVEYORS
650 _aHUNGARY
650 _aQUALIFICATIONS
690 _aMANAGEMENT-BUSINESS MANAGEMENT-PROFESSIONAL PRACTICE
942 _n0
948 _c02/02/1999
999 _c57779
_d57779